000 00357nam a22001217a 4500
082 _a200 THE
100 _aAamna Iqtidar
_969917
245 _aTH-SOF-1332-BUILDING A BIOMEDICAL ONTOLOGY ON GENETIC DISORDERS
260 _aIslamabad
_bNUST College of EME
_c2016
650 _aMS-CSE-12 MSTHESIS
700 _aSuoervisor Dr. Usman Qamar
_969918
942 _cCF
999 _c576997
_d576997